Animal Crossing Villagers-EXTREME - Statistics

General Stats
  • This quiz has been taken 53 times
    51 since last reset
  • The average score is 140 of 484
Answer Stats
Answer % Correct
Al
66%
Bea
63%
Cheri
63%
Alli
59%
Bob
59%
Cherry
59%
Ankha
56%
Apollo
56%
Ellie
56%
Raymond
56%
Tom
56%
Lily
53%
Marshal
53%
Sherb
53%
Skye
53%
Stitches
53%
Ace
50%
Alfonso
50%
Beau
50%
Bill
50%
Flo
50%
Julia
50%
Kitt
50%
Lucky
50%
Marina
50%
Octavian
50%
Zucker
50%
Chadder
47%
Chevre
47%
Coco
47%
Egbert
47%
Flora
47%
Freya
47%
Kit
47%
Maple
47%
Olivia
47%
Phil
47%
Rosie
47%
Tia
47%
Whitney
47%
Agent S
44%
Billy
44%
Bluebear
44%
Cece
44%
Chrissy
44%
Cole
44%
Diana
44%
Fauna
44%
Felicity
44%
Francine
44%
Goldie
44%
Joe
44%
Kidd
44%
Lolly
44%
Maggie
44%
Merry
44%
Mitzi
44%
Nan
44%
Poppy
44%
Renée
44%
Reneigh
44%
Ribbot
44%
Rudy
44%
Vic
44%
Admiral
41%
Annalise
41%
Audie
41%
Bam
41%
Blanche
41%
Dom
41%
Erik
41%
Eugene
41%
Gayle
41%
Hazel
41%
Jambette
41%
Judy
41%
Julian
41%
Katt
41%
Ken
41%
Lionel
41%
Merengue
41%
Opal
41%
Roald
41%
Ruby
41%
Sasha
41%
Shino
41%
Stinky
41%
Zoe
41%
Agnes
38%
Apple
38%
Bella
38%
Bertha
38%
Big Top
38%
Cally
38%
Canberra
38%
Caroline
38%
Cube
38%
Del
38%
Dizzy
38%
Dotty
38%
Elmer
38%
Eloise
38%
Fang
38%
Frank
38%
Gen
38%
Goose
38%
Hamlet
38%
Ione
38%
Jay
38%
June
38%
Kitty
38%
Maddie
38%
Marcel
38%
Margie
38%
Molly
38%
Peck
38%
Petri
38%
Pietro
38%
Sprocket
38%
Sydney
38%
Sylvia
38%
Walt
38%
Yuka
38%
Zell
38%
Amelia
34%
Anicotti
34%
Annalisa
34%
Astrid
34%
Aurora
34%
Ava
34%
Baabara
34%
Beardo
34%
Butch
34%
Candi
34%
Cephalobot
34%
Cobb
34%
Cyd
34%
Deirdre
34%
Drago
34%
Drake
34%
Filbert
34%
Friga
34%
Frita
34%
Genji
34%
Gloria
34%
Harry
34%
Hopkins
34%
Joey
34%
Ketchup
34%
Kid Cat
34%
Leopold
34%
Marty
34%
Megan
34%
Melba
34%
Mint
34%
Mira
34%
Moe
34%
Purrl
34%
Savannah
34%
Sprinkle
34%
Tammy
34%
Tucker
34%
Ursala
34%
Vesta
34%
Wade
34%
Willow
34%
Winnie
34%
Wolfgang
34%
Antonio
31%
Avery
31%
Azalea/Petunia
31%
Benedict
31%
Benjamin
31%
Blaire
31%
Bones
31%
Boone
31%
Boris
31%
Boyd
31%
Bree
31%
Broccolo
31%
Bruce
31%
Carmen (mouse) and Carmen (rabbit)
31%
Carrie
31%
Chai
31%
Cleo
31%
Cookie
31%
Curlos
31%
Curt
31%
Daisy
31%
Dobie
31%
Elise
31%
Gladys
31%
Henry
31%
Hopper
31%
Jacques
31%
Kiki
31%
Kyle
31%
Leonardo
31%
Lopez
31%
Lucy
31%
Marcie
31%
Marcy
31%
Monique
31%
Nana
31%
Naomi
31%
Pashmina
31%
Patty
31%
Pecan
31%
Phoebe
31%
Piper
31%
Poncho
31%
Portia
31%
Queenie
31%
Rocco
31%
Rod
31%
Rodney
31%
Rolf
31%
Samson
31%
Sandy
31%
Shari
31%
Shep
31%
Sly
31%
Tabby
31%
Tammi
31%
Tipper
31%
Victoria
31%
Violet
31%
Vivian
31%
Wendy
31%
Alice
28%
Anchovy
28%
Axel
28%
Bangle
28%
Barold
28%
Bianca
28%
Biff
28%
Boots
28%
Bunnie
28%
Chester
28%
Chief
28%
Chow
28%
Cousteau
28%
Cranston
28%
Deena
28%
Deli
28%
Derwin
28%
Flurry
28%
Gaston
28%
Gigi
28%
Iggly
28%
Jacob
28%
Kabuki
28%
Keaton
28%
Knox
28%
Lobo
28%
Mallary
28%
Marlo
28%
Mathilda
28%
Moose
28%
Nate
28%
Olaf
28%
Ozzie
28%
Paolo
28%
Paula
28%
Peaches
28%
Pekoe
28%
Penelope
28%
Puck
28%
Puddles
28%
Quinn
28%
Rasher
28%
Rhonda
28%
Ricky
28%
Rilla
28%
Rio
28%
Robin
28%
Rocket
28%
Rory
28%
Roscoe
28%
Rowan
28%
Snooty
28%
Sterling
28%
Sylvana
28%
Tangy
28%
Teddy
28%
Tiffany
28%
Tybalt
28%
Vladimir
28%
Angus
25%
Becky
25%
Betty
25%
Biskit
25%
Bitty
25%
Bonbon
25%
Broffina
25%
Buck
25%
Camofrog
25%
Colton
25%
Croque
25%
Cyrano
25%
Diva
25%
Dora
25%
Ed
25%
Elvis
25%
Eunice
25%
Freckles
25%
Frobert
25%
Fuchsia
25%
Graham
25%
Hamphrey
25%
Hans
25%
Hippeux
25%
Hornsby
25%
Hugh
25%
Jeremiah
25%
Kevin
25%
Louie
25%
Lyman
25%
Mac
25%
Maelle
25%
Midge
25%
Miranda
25%
Nibbles
25%
Peanut
25%
Peewee
25%
Plucky
25%
Pompom
25%
Rodeo
25%
Sally
25%
Static
25%
Stu
25%
Tad
25%
Walker
25%
Wart Jr.
25%
Anabelle
22%
Bettina
22%
Boomer
22%
Bubbles
22%
Bud
22%
Cashmere
22%
Celia
22%
Chabwick
22%
Chops
22%
Claude
22%
Claudia
22%
Clay
22%
Faith
22%
Flip
22%
Gabi
22%
Gala
22%
Gonzo
22%
Groucho
22%
Gruff
22%
Gwen
22%
Iggy
22%
Ike
22%
Kody
22%
Lucha
22%
Monty
22%
Muffy
22%
O'Hare
22%
Olive
22%
Pancetti
22%
Pango
22%
Peggy
22%
Prince
22%
Punchy
22%
Quillson
22%
Rex
22%
Rooney
22%
Simon
22%
Soleil
22%
Stella
22%
Tank
22%
Tasha
22%
T-Bone
22%
Toby
22%
Velma
22%
Belle
19%
Cesar
19%
Champagne/Frett
19%
Chelsea
19%
Clyde
19%
Curly
19%
Doc
19%
Drift
19%
Ganon
19%
Greta
19%
Hank
19%
Huck
19%
Inkwell
19%
Klaus
19%
Mott
19%
Pippy
19%
Raddle
19%
Rizzo
19%
Roswell
19%
Sparro
19%
Tiansheng
19%
Tutu
19%
Wolf Link
19%
Woolio
19%
Bow
16%
Buzz
16%
Champ
16%
Charlise
16%
Chuck
16%
Coach
16%
Emerald
16%
Étoile
16%
Jane
16%
Jitters
16%
Limberg
16%
Meow
16%
Murphy
16%
Nindori
16%
Norma
16%
Papi
16%
Pate
16%
Pinky
16%
Pudge
16%
Quetzal
16%
Scoot
16%
Sheldon
16%
Snake
16%
Spork
16%
Sven
16%
Tex
16%
Timbra
16%
Truffles
16%
Viché
16%
Weber
16%
Aziz
13%
Carrot
13%
Dozer
13%
Epona
13%
Flash
13%
Grizzly
13%
Liz
13%
Nosegay
13%
Penny
13%
Pierce
13%
Pigleg
13%
Rollo
13%
Spike
13%
Sue E.
13%
Tarou
13%
Twiggy
13%
Yodel
13%
Aisle
9%
Analogue
9%
Chico
9%
Cupcake
9%
Filly
9%
Fruity
9%
Hambo
9%
Hector
9%
Holden
9%
Lulu
9%
Madam Rosa
9%
Masa
9%
Medli
9%
Rhoda
9%
Sunny
9%
Tiara
9%
Twirp
9%
Valise
9%
Clara
6%
Elina
6%
Flossie
6%
Huggy
6%
Koharu
6%
Leigh
6%
Megumi
6%
Otis
6%
Oxford
6%
Patricia
6%
Pierre
6%
Poko
6%
Shinabiru
6%
Shoukichi
6%
Bessie
3%
Jubei
3%
Weldon
3%
No matching quizzes found
Score Distribution
Percent of People with Each Score
Percentile by Number Answered
Your Score History
You have not taken this quiz since the last reset